000 00768nam0a22002291 4500
001 rc\2899821
005 20110801112308.3
035 _a(NLR Aleph) 007051198
090 _a6192633
_c6192633
100 _a20110801d1934 |||y0rusy50 ca
101 0 _arus
102 _aRU
105 _ay z |||||
200 1 _aК вопросу об истории народного образования в Башкирии
_fШ.С. Абзанов
210 _aУфа
_cБашк. педагог. ин-т
_d1934
_gтип. им. Дзержинского
215 _aОбл., 65 с.
_d17×12 см
700 1 _aАбзанов
_bШ. С.
_gШамси Садреевич
801 0 _aRU
_bNLR
_gpsbo
801 1 _aRU
_bELAR
_2rusmarc
852 _aNLR
_j34-9/6082
942 _cBOOK
980 _aNB